Guess The Lamborghini Models - Statistics

General Stats
  • This quiz has been taken 79 times
  • The average score is 12 of 16
Answer Stats
Picture Answer % Correct
Huracan
98%
Aventador SVJ
96%
Urus
96%
Countach
86%
Revuelto
82%
Diablo
78%
Murcielago
78%
Veneno Roadster
78%
Gallardo
76%
Miura
76%
Hurucan STO
70%
Temerario
70%
Sian
68%
Centenario
60%
Huracan Sterrato
52%
Reventón Roadster
34%
No matching quizzes found
Score Distribution
Percent of People with Each Score
Percentile by Number Answered
Your Score History
You have not taken this quiz